Logo CIB grande

TABLAS DE COMPOSICIÓN DE ALIMENTOS DEL CESNID (Registro nro. 228069)

Detalles MARC
000 -LEADER
campo de control de longitud fija 00856nam a2200301Ia 4500
005 - FECHA Y HORA DE LA ÚLTIMA TRANSACCIÓN
campo de control 20250425162359.0
008 - DATOS DE LONGITUD FIJA--INFORMACIÓN GENERAL
campo de control de longitud fija 250425s9999 xx 000 0 und d
020 ## - NÚMERO INTERNACIONAL ESTÁNDAR DEL LIBRO
Número Internacional Estándar del Libro 844860590X
041 ## - CÓDIGO DE IDIOMA
Código de lengua del texto/banda sonora o título independiente spa
082 ## - NÚMERO DE LA CLASIFICACIÓN DECIMAL DEWEY
Número de clasificación 641.3
010 ## - NÚMERO DE CONTROL DE LA BIBLIOTECA DEL CONGRESO
Número de control de LC 67733
100 ## - ENTRADA PRINCIPAL--NOMBRE DE PERSONA
Nombre de persona FARRAN, ANDREU
245 #0 - MENCIÓN DEL TÍTULO
Título TABLAS DE COMPOSICIÓN DE ALIMENTOS DEL CESNID
250 ## - MENCION DE EDICION
Mención de edición 1A ED.
260 ## - PUBLICACIÓN, DISTRIBUCIÓN, ETC.
Lugar de publicación, distribución, etc. España
Nombre del editor, distribuidor, etc. MCGRAW-HILL
Fecha de publicación, distribución, etc. 2004
260 ## - PUBLICACIÓN, DISTRIBUCIÓN, ETC.
Lugar de publicación, distribución, etc. MADRID
300 ## - DESCRIPCIÓN FÍSICA
Extensión 247
500 ## - NOTA GENERAL
Nota general + 1 CD ROM. TEXTO EN ESPAÑOL Y CATALAN.
500 ## - NOTA GENERAL
Nota general Título Traducido: TAULES DE COMPOSICIO D´ALIMENTS DEL CESNID
650 ## - PUNTO DE ACCESO ADICIONAL DE MATERIA--TÉRMINO DE MATERIA
Término de materia o nombre geográfico como elemento de entrada ALIMENTOS
650 ## - PUNTO DE ACCESO ADICIONAL DE MATERIA--TÉRMINO DE MATERIA
Término de materia o nombre geográfico como elemento de entrada COMPOSICION DE LOS ALIMENTOS
650 ## - PUNTO DE ACCESO ADICIONAL DE MATERIA--TÉRMINO DE MATERIA
Término de materia o nombre geográfico como elemento de entrada NUTRICION HUMANA
650 ## - PUNTO DE ACCESO ADICIONAL DE MATERIA--TÉRMINO DE MATERIA
Término de materia o nombre geográfico como elemento de entrada VALOR NUTRITIVO
700 ## - ENTRADA AGREGADA--NOMBRE PERSONAL
Nombre de persona CERVERA, PILAR
700 ## - ENTRADA AGREGADA--NOMBRE PERSONAL
Nombre de persona ZAMORA, RAÜL
710 ## - ENTRADA AGREGADA--NOMBRE DE ENTIDAD CORPORATIVA
Nombre de entidad corporativa o nombre de jurisdicción como elemento de entrada CENTRE D´ENSENYAMENT SUPERIOR DE NUTRICIO I DIETETICA
942 ## - ELEMENTOS DE ENTRADA SECUNDARIOS (KOHA)
Tipo de ítem Koha Libros
Existencias
Estatus retirado Estado de pérdida Estado de daño No para préstamo Biblioteca de origen Biblioteca actual Fecha de adquisición Coste, precio normal de compra Total de préstamos Código de barras Copia número Tipo de ítem Koha
        CENTRO DE INFORMACIÓN BIBLIOTECARIA CENTRO DE INFORMACIÓN BIBLIOTECARIA 20/08/2009 28.00   39620 1 Libros
        CENTRO DE INFORMACIÓN BIBLIOTECARIA CENTRO DE INFORMACIÓN BIBLIOTECARIA 18/10/2010 28.00   54656 2 Libros

Copyright 2025 ESPOL. Todos los derechos reservados.